000 00335nam a22001457a 4500
003 SGT
020 _a81-7671-029-6
082 _a620.00452
_bSRI
100 _aSRINATH,LS
245 _aMECHANICAL RELIABILITY
260 _aNEW DELHI
_bEAST-WEST PRESS. PVT
_c2002
300 _a320
650 _aMECHANICAL ENGINEERING
942 _2ddc
_cBK
999 _c14500
_d14500